000 00942nam a2200289 i 4500
001 189230
003 SpMaBN
005 20240104175355.0
008 190429s2015 sp a |||| | spa d
020 _a978-84-16596-07-2
080 _a75 Lezcano Pastor, Ana
080 _a913(460.27 M.)
100 1 _aLezcano Pastor, Ana.
_9166916
245 1 0 _aPinceladas de Madrid /
_cAna Lezcano Pastor.
250 _a1ª ed.
260 _aMadrid :
_bÉride,
_c2015.
300 _a224 p. :
_bil. col. ;
_c21 x 30 cm.
504 _aBibliografía: p. 221-224.
600 1 7 _aLezcano Pastor, Ana.
_9166916
651 7 _aMadrid-
_xDescripción.
_98952
651 4 _aMadrid-
_vObras ilustradas.
_98976
651 4 _aMadrid-
_xEn el arte.
_9162662
852 _aES-MaACL
_jA-14519
_9196368
_bR.151729
_cDEPO1
_dOlim: N-7519
_hDonación: Ana Lezcano
903 _9166916
_aLezcano Pastor, Ana
_ednr
942 _2udc
_cMONOGRAFIA
999 _c189230
_d189230